Model malého IS pre riadiaci systém s IoT diplomová práca

Salvato in:
Dettagli Bibliografici
Autore principale: Chudík, Martin
Ente Autore: Fakulta hospodárskej informatiky EU. Katedra aplikovanej informatiky
Altri autori: Kultan, Jaroslav, 1960-
Natura: Libro
Lingua:slovacco
Pubblicazione: Bratislava 2025
Tags: Aggiungi Tag
Nessun Tag, puoi essere il primo ad aggiungerne!!

MARC

LEADER 00000nbm a2200000 4500
001 0310663
005 20251121124646.1
041 0 |a slo 
044 |a SK 
245 1 0 |a Model malého IS pre riadiaci systém s IoT  |b diplomová práca  |c Martin Chudík ; školiteľ: Jaroslav Kultan 
264 1 |a Bratislava  |c 2025 
300 |a 78 s. 
100 1 |a Chudík, Martin 
700 1 |a Kultan, Jaroslav, 1960- 
710 2 |a Fakulta hospodárskej informatiky EU. Katedra aplikovanej informatiky